| 000 | 00609nam a2200181Ia 4500 | ||
|---|---|---|---|
| 008 | 140609s9999 xx 000 0 und d | ||
| 020 | _a9710869302 | ||
| 050 |
_aHB 615 _b.D615 2009 |
||
| 100 | _aDitablan, Eustaquio C. | ||
| 245 |
_aEntrepreneurship : _bunlimited opportunities and resources / _cEstaquio C. Ditablan, Jose I. Abad, |
||
| 260 |
_aMandaluyong, Philippines : _bFirst year of Publication, _cc2009. |
||
| 300 |
_a235 p. : _bill. ; _c23 cm. |
||
| 500 | _aIncludes bibliographical references. | ||
| 521 | _aGE | ||
| 650 |
_aFinance _xSuccess in business. |
||
| 942 |
_kLOC _cBK |
||
| 999 |
_c118135 _d118135 |
||